Australian federal constitutional law: commentary and materials

Furkejuvvon:
Bibliográfalaš dieđut
Váldodahkkit: Winterton, George (Dahkki), Lee, H. P (Dahkki), Glass, Arthur (Dahkki), Thomson, James A (Dahkki)
Materiálatiipa: Girji
Giella:eaŋgalasgiella
Almmustuhtton: Adelaida LBC Information Services 1999
Ráidu:CaseBook
Fáttát:
Fáddágilkorat: Lasit fáddágilkoriid
Eai fáddágilkorat, Lasit vuosttaš fáddágilkora!

MARC

LEADER 00000nam a2200000 a 4500
001 UCP7231
003 CL-VaPUC
008 991203e19990000AT |||||||||||||||||eng|d
082 0 4 |a 342.94  |b WIN  |2 21 
100 0 |a Winterton, George  |e author  |9 436720 
700 0 |a Lee, H. P  |e author  |9 436721 
700 0 |a Glass, Arthur  |e author  |9 436722 
700 0 |a Thomson, James A  |e author  |9 436723 
245 1 0 |a Australian federal constitutional law: commentary and materials 
300 |a 967 p 
942 |c BK 
945 |d 19991203 00:00:00  |a vberengu 
260 |a Adelaida  |b LBC Information Services  |c 1999 
650 0 |a Constitucionalismo  |9 341373 
650 7 |a DERECHO AUSTRALIANO  |2 CL-VaPUC  |9 436724 
650 7 |a DERECHO CONSTITUCIONAL AUSTRALIANO  |2 CL-VaPUC  |9 436725 
583 |a last modification  |c 19991203 00:00:00  |k Rodrigo Vera 
490 0 |a CaseBook 
999 |c 284540  |d 284538 
952 |0 0  |1 0  |4 0  |6 342_940000000000000_WIN_1999  |7 0  |8 A  |9 328629  |a BIBDER  |b BIBDER  |d 2019-11-20  |i 3586774  |l 1  |m 4  |o 342.94 WIN 1999  |p 3586774  |q 2025-12-31  |r 2020-03-16  |s 2020-03-16  |w 2019-11-20  |y BK  |k DER